000 00587nam a2200229Ia 4500
003 OSt
005 20220918201211.0
006 a|||||r|||| 00| 0
007 ta
008 220917b |||||||| |||| 00| 0 eng d
024 _a92,342
037 _cTextual
040 _aARTS
_cARTS
_beng
041 _2eng
_aeng
082 _aV1:19:N3, H2
100 _aCarr Edward Hallett
245 0 _aConditions of peace
260 _c1942
650 _aINTERNATIONAL RELATIONS; WORLD HISTORY
942 _hV1:19:N3, H2
_cTEXL
_2CC
999 _c215996
_d215996